| 000 | 01782cam a2200469 i 4500 | ||
|---|---|---|---|
| 999 |
_c530047 _d530047 |
||
| 001 | 20873795 | ||
| 003 | NUST | ||
| 005 | 20191009095346.0 | ||
| 008 | 190302q2019 pk a b 000 0 eng | ||
| 010 | _a 2019330290 | ||
| 020 | _a9789699675157 | ||
| 025 | _aP-E-2019330290; 04 | ||
| 037 | _bLibrary of Congress -- Islamabad Overseas Office | ||
| 038 | _aMuhammad Ibrahim | ||
| 040 |
_aDLC _beng _cDLC _erda |
||
| 042 |
_alcode _apcc |
||
| 043 | _aa-pk--- | ||
| 050 | 0 | 0 |
_aJQ629.A78 _bM35 2019 |
| 082 |
_a320.45491 _bMAL 2019 |
||
| 100 | 1 |
_aMalik, Daud, _eauthor. _923349 |
|
| 245 | 1 | 0 |
_aDecade of democracy in Pakistan : _bparliament 2008-2018 context, achievements and challenges / _cDaud Malik, Rabia Akhtar, Usama Bakhtiar Ahmed and Faisal Hayat. |
| 246 | 3 | _aDemocracy in Pakistan | |
| 264 | 1 |
_aIslamabad : _bFriedrich-Ebert-Stiftung : _bThe Research Initiative, _c[2019] |
|
| 264 | 4 | _c©2019 | |
| 300 |
_a141 pages : _billustrations ; _c25 cm |
||
| 336 |
_atext _btxt _2rdacontent |
||
| 337 |
_aunmediated _bn _2rdamedia |
||
| 338 |
_avolume _bnc _2rdacarrier |
||
| 500 | _aIncludes statistical charts, graphs and tables. | ||
| 504 | _aIncludes bibliographical references. | ||
| 610 | 1 | 0 |
_aPakistan. _bNational Assembly _xEvaluation. _923350 |
| 650 | 0 |
_aDemocracy _zPakistan _y21st century. _923351 |
|
| 651 | 0 |
_aPakistan _xPolitics and government _y21st century. _91623 |
|
| 700 | 1 |
_aAkhtar, Rabia, _eauthor. _918215 |
|
| 700 | 1 |
_aAhmed, Usama Bakhtiar, _eauthor. _923352 |
|
| 700 | 1 |
_aHayat, Faisal, _eauthor. _923353 |
|
| 710 | 2 |
_aThe Research Initiative (Pakistan), _epublisher. _923354 |
|
| 710 | 2 |
_aFriedrich-Ebert-Stiftung, _epublisher. _923355 |
|
| 906 |
_a7 _bcbc _corigode _d3 _encip _f20 _gy-gencatlg |
||
| 942 |
_2ddc _cBK |
||